| 000 | 01302nam0a2200361 4500 | ||
|---|---|---|---|
| 001 | RU\NLR\bibl\253267 | ||
| 005 | 20260406043522.0 | ||
| 010 |
_a5-7291-0228-3 _9500 |
||
| 021 |
_aRU _b2001-48215 _92317 |
||
| 035 | _a(NLR Aleph) 000249058 | ||
| 090 |
_a1452920 _c1452920 |
||
| 100 | _a20020204d2001 |||y0rusy50 ca | ||
| 101 | 0 | _arus | |
| 102 | _aRU | ||
| 105 | _aa ||||||||| | ||
| 200 | 1 |
_aЗадачник по новейшей экономике (терминомике) _fЕвгений и Надежда Репины |
|
| 210 |
_aНовокузнецк _cИзд-во ИПК _d2001 |
||
| 215 |
_a141 с. _cграф. _d20 |
||
| 320 | _aБиблиогр.: с. 139-141 | ||
| 606 | 0 |
_aЭкономика _jЗадачники _xТеория _91565397 _3RU\NLR\auth\66985247 |
|
| 606 | 0 | _aЭкономика - Задачи | |
| 675 |
_a33(076.1) _v3 _zrus |
||
| 686 |
_a06 _2rugasnti |
||
| 686 |
_a65я73 _2rubbk |
||
| 686 | _aУ010я7-4 | ||
| 700 | 1 |
_4070 _8rus _7ca _aРепин _bЕ. Н. _cканд. экон. наук _gЕвгений Николаевич _3RU\NLR\auth\773561 _9113556 |
|
| 701 | 1 |
_aРепина _bН. _gНадежда _4070 |
|
| 801 | 0 |
_aRU _bRKP _c20020204 _gPSBO |
|
| 801 | 1 |
_aRU _bRKP _c20020204 |
|
| 801 | 2 |
_aRU _bNLR _c20110228 _grcr |
|
| 942 | _cBOOK | ||
| 980 | _aNB | ||